000 01002nam a2200253 a 4500
008 240826e2006 ag ||||f |||| 001 0 spa d
020 _a8479033762
041 _aspa
_hfre
092 _c612
_l46
_sKAP
100 1 _akapandji, Adalbert.I.
_94207
245 _aFisiologia articular.
_bEsquemas comentados de mecánica humana /
_cAdalbert. I. Kapandji
246 _aPhisiologie articulaire, 3 .Tronc et Rachis.
250 _a5ta edición.
_bTraducción Maria Torres Lacomba
260 _aMadrid:
_bEditorial Médica Panamericana;
_c2006.
300 _a252 p.
_bil.
500 _aKapandji, A. I. (2006). Fisiología articular. Esquemas comentados de mecánica humana. (5a ed). Madrid : Editorial Médica Panamericana.
653 _aEl raquis en conjunto.
653 _aFisiología articular.
653 _aLa cintura pélvica y las articulaciones sacroiliacas.
653 _aEl raquis lumbar.
653 _aEl raquis dorsal y la respiración.
653 _aEl raquis cervical.
942 _2ddc
_cBK
999 _c3193
_d3193